000 00958nam a22002657a 4500
005 20251108173348.0
008 250721s2001 xx 000 0 ara d
020 _a2844095720
082 1 4 _aط/574.5264/هاس
100 1 _aهاسويل، آرثر
_eمؤلف
245 1 0 _aالحياة البرية /
246 1 1 _aHow We Use And Abuse Our Planet: Wild Life
264 1 _aبيروت :
_bالدار العربية للعلوم،
_c2001.
300 _a47 ص.
490 0 _aسلسلة الحفاظ على البيئة : كوكب الأرض إلى أين؟
650 1 7 _aالحياة البرية
650 1 7 _aالمحميات الطبيعية
650 1 7 _aالغابات
650 1 7 _aحماية البيئة
650 1 7 _aمكافحة التلوث
653 _aناشئون صغار (10-14 سنة)
710 2 _aالدار العربية للعلوم : مركز التعريب و الترجمة
942 _2ddc
_cBK
999 _c102146
_d102146